SSA yearbook 2002
Αποθηκεύτηκε σε:
| Συγγραφή απο Οργανισμό/Αρχή: | |
|---|---|
| Μορφή: | Ηλεκτρονική πηγή |
| Γλώσσα: | English |
| Δημοσίευση: |
Egham, Surrey [England] :
Shipbuilders & Shiprepairers Association,
[χ.χ.]
|
| Θέματα: | |
| Ετικέτες: |
Προσθήκη ετικέτας
Δεν υπάρχουν, Καταχωρήστε ετικέτα πρώτοι!
|
MARC
| LEADER | 00000nmm a2200000 i 4500 | ||
|---|---|---|---|
| 001 | 1/73656 | ||
| 008 | 050318s uk eng d | ||
| 035 | |l 10077153 | ||
| 040 | |a GR-MY-UA |b gre |e aacr | ||
| 041 | 0 | |a eng | |
| 082 | 0 | |a 623.82 |2 (21η εκδ.) | |
| 110 | 2 | |a Shipbuilders & Shiprepairers Association. | |
| 245 | 1 | 0 | |a SSA yearbook |h [αρχείο Η/Υ] : |b 2002 / |c Shipbuilders & Shiprepairers Association |
| 260 | |a Egham, Surrey [England] : |b Shipbuilders & Shiprepairers Association, |c [χ.χ.] | ||
| 300 | |a 1 οπτική δισκέτα λέϊζερ Η/Υ; |c 4 3/4 ίν. | ||
| 500 | |a Υπάρχει ετήσια έντυπη περιοδική έκδοση | ||
| 505 | 0 | |a Ετήσια έκδοση για την ναυπηγική βιομηχανία, την συντήρηση και την επισκευή πλοίων | |
| 650 | 0 | 0 | |a Shipbuilding |z Great Britain. |
| 650 | 0 | 0 | |a Ships |x Maintenance and repair. |
| 650 | 0 | 0 | |a Shipbuilding. |
| 852 | |a INST |b CHIOS |c AV |e 20050318 |h 623.82 SHI |p 005200021633 |q 005200021633 |t CDROM |y 23 | ||
| 901 | |a BIBL2-2005-1 | ||
| 909 | |a Χ |b 118842 | ||
| 970 | |a ΧΑΖΙΡΗ |b ΑΝΝΑ |z 2004/03/17 | ||